[Event "Junior Online 4NCL Division 5"]
[Site "online"]
[Date "2020.05.14"]
[Round "5.44"]
[White "Mandell, Eli"]
[Black "Esparza, Santiago"]
[Result "0-1"]
[WhiteElo "1232"]
[BlackElo "1180"]
[PlyCount "106"]
[EventDate "2020.05.14"]
[WhiteTeam "Wey 2"]
[BlackTeam "Liverpool 2"]

1. d3 d5 2. Bf4 Nc6 3. g3 e5 4. Bd2 Nf6 5. Bg2 Be6 6. e4 d4 7. Nf3 Bd6 8. c3
O-O 9. cxd4 Nxd4 10. Nc3 Nxf3+ 11. Bxf3 h6 12. Bg2 Bg4 13. Qc1 a6 14. Bxh6 Nh7
15. Bg5 Nxg5 16. h4 Nh7 17. h5 Qf6 18. h6 gxh6 19. Rxh6 Qg5 20. Qxg5+ Nxg5 21.
Rh4 Bd7 22. Rh5 Be7 23. Nd5 Bd8 24. Kd2 c6 25. Nc3 Bg4 26. Rh4 Be6 27. Rh5 Bg4
28. Rh2 Ne6 29. Rah1 Bg5+ 30. f4 Bf6 31. fxe5 Bxe5 32. Rh4 f5 33. exf5 Bxf5 34.
g4 Bg6 35. Rh6 Bf4+ 36. Kc2 Bxh6 37. Rxh6 Bf7 38. g5 Nxg5 39. Ne2 Kg7 40. Rh4
Rae8 41. Nf4 Re7 42. Rg4 Kh6 43. Rh4+ Kg7 44. Nh5+ Bxh5 45. Rxh5 Nh7 46. Be4
Rf2+ 47. Kb1 Nf6 48. Rg5+ Kf7 49. Bg6+ Kg7 50. Bh5+ Kh7 51. Bg6+ Kg8 52. Be8+
Kf8 53. Bg6 Re1# 0-1

[Event "Junior Online 4NCL Division 5"]
[Site "online"]
[Date "2020.05.14"]
[Round "5.45"]
[White "Weedon, Arlo"]
[Black "Lang, Fred"]
[Result "0-1"]
[WhiteElo "1330"]
[BlackElo "1307"]
[PlyCount "62"]
[EventDate "2020.05.14"]
[WhiteTeam "Wey 2"]
[BlackTeam "Liverpool 2"]

1. e4 e5 2. Nf3 Nc6 3. Bc4 Bc5 4. O-O Nf6 5. Nc3 O-O 6. d3 h6 7. a3 d6 8. h3
Nd4 9. b4 Nxf3+ 10. Qxf3 Bd4 11. Bd2 c5 12. Rab1 cxb4 13. axb4 a6 14. Nd5 Nxd5
15. Bxd5 Rb8 16. c3 Ba7 17. Qg3 Qf6 18. Kh1 Be6 19. Bxe6 fxe6 20. c4 Bxf2 21.
Qxf2 Qxf2 22. Rxf2 Rxf2 23. Bc3 b5 24. cxb5 axb5 25. Kh2 Rc8 26. Rb3 Ra8 27.
Be1 Re2 28. Bg3 Raa2 29. Rc3 Rxg2+ 30. Kh1 Rxg3 31. Rc8+ Kh7 0-1

[Event "Junior Online 4NCL Division 5"]
[Site "online"]
[Date "2020.05.14"]
[Round "5.46"]
[White "Zheng, Kevin"]
[Black "Weedon, Oscar"]
[Result "1-0"]
[WhiteElo "1300"]
[BlackElo "1352"]
[PlyCount "123"]
[EventDate "2020.05.14"]
[WhiteTeam "Liverpool 2"]
[BlackTeam "Wey 2"]

1. e4 c5 2. c3 Nc6 3. Nf3 e6 4. d4 cxd4 5. cxd4 d5 6. exd5 exd5 7. Qb3 Nf6 8.
Nc3 Bb4 9. Bd2 Bxc3 10. Bxc3 O-O 11. Be2 Be6 12. O-O Qd6 13. Ne5 Rab8 14. Bb5
a6 15. Be2 Nxe5 16. dxe5 d4 17. exd6 Bxb3 18. axb3 dxc3 19. bxc3 Rfd8 20. Rad1
Rbc8 21. c4 Rc6 22. Bf3 Rcxd6 23. Rxd6 Rxd6 24. Bxb7 Rb6 25. Rd1 h6 26. Bd5
Rxb3 27. c5 Rb5 28. h3 Rxc5 29. Bf3 Kf8 30. Rd8+ Ke7 31. Ra8 a5 32. Ra7+ Nd7
33. Kf1 Ke6 34. Ra6+ Ke7 35. Ke2 Ne5 36. Ra7+ Kf6 37. Ra6+ Ke7 38. Ra7+ Kd6 39.
Ra6+ Kc7 40. Ra7+ Kb6 41. Ra8 Kb5 42. Ke3 Rc4 43. Be2 a4 44. Bxc4+ Nxc4+ 45.
Kd3 Kb4 46. Rb8+ Kc5 47. Rc8+ Kb5 48. Rxc4 a3 49. Rc1 Kb4 50. Rb1+ Ka4 51. Kc3
a2 52. Ra1 Ka3 53. g3 g6 54. f3 f5 55. h4 g5 56. hxg5 hxg5 57. g4 f4 58. Kc2
Kb4 59. Rxa2 Kc5 60. Kd3 Kd6 61. Ke4 Ke6 62. Ra6+ 1-0

[Event "Junior Online 4NCL Division 5"]
[Site "online"]
[Date "2020.05.14"]
[Round "5.47"]
[White "Naef Schmid, Ianto"]
[Black "Enshaeian, Arad"]
[Result "1/2-1/2"]
[WhiteElo "1307"]
[BlackElo "1225"]
[PlyCount "124"]
[EventDate "2020.05.14"]
[WhiteTeam "Wey 2"]
[BlackTeam "Liverpool 2"]

1. e4 e5 2. Nf3 Nc6 3. Bc4 Bc5 4. b4 Bxb4 5. c3 Bc5 6. d4 exd4 7. O-O dxc3 8.
Bxf7+ Kxf7 9. Qd5+ Ke8 10. Qxc5 Qe7 11. Qxc3 Nf6 12. e5 Nd5 13. Qb2 Rf8 14. Nc3
Nxc3 15. Qxc3 Kf7 16. Ba3 d6 17. exd6 cxd6 18. Rfe1 Qc7 19. Qc4+ Kf6 20. Qf4+
Bf5 21. Bb2+ Kg6 22. Qg5+ Kf7 23. Qxf5+ Kg8 24. Qg4 a6 25. Qxg7+ Qxg7 26. Bxg7
Kxg7 27. Rab1 b5 28. Rbc1 Na5 29. Re7+ Rf7 30. Rcc7 Rxe7 31. Rxe7+ Kg6 32. Nh4+
Kf6 33. Rxh7 Re8 34. h3 d5 35. g4 d4 36. Nf3 d3 37. g5+ Kg6 38. Rh6+ Kg7 39. h4
Nc4 40. Rxa6 d2 41. Nxd2 Nxd2 42. h5 Re5 43. h6+ Kh7 44. f4 Re1+ 45. Kg2 Re7
46. f5 Ne4 47. g6+ Kxh6 48. Kf3 Ng5+ 49. Kg4 Rg7 50. Rb6 Ne4 51. Rxb5 Nc3 52.
Rb2 Ra7 53. Rh2+ Kg7 54. Rh7+ Kg8 55. f6 Rxh7 56. gxh7+ Kxh7 57. Kf5 Kg8 58.
Kg6 Nxa2 59. Kg5 Kf7 60. Kf5 Nb4 61. Kg5 Nd5 62. Kf5 Nxf6 1/2-1/2

[Event "Junior Online 4NCL Division 5"]
[Site "online"]
[Date "2020.05.14"]
[Round "5.48"]
[White "Esparza, Santiago"]
[Black "Mandell, Eli"]
[Result "1-0"]
[WhiteElo "1180"]
[BlackElo "1232"]
[PlyCount "167"]
[EventDate "2020.05.14"]
[WhiteTeam "Liverpool 2"]
[BlackTeam "Wey 2"]

1. e4 b6 2. d4 Bb7 3. Nc3 Nc6 4. d5 Ne5 5. Nf3 Nxf3+ 6. Qxf3 Nf6 7. e5 Ng8 8.
Bc4 d6 9. exd6 exd6 10. Ne4 Nf6 11. Bg5 Be7 12. Nxf6+ Bxf6 13. Bxf6 gxf6 14.
Qe3+ Qe7 15. O-O-O Qxe3+ 16. fxe3 O-O-O 17. Rhf1 Rde8 18. Rd3 Rhg8 19. Rxf6
Rxg2 20. h3 Rg1+ 21. Kd2 Reg8 22. Rxf7 R8g2+ 23. Kc3 Rc1 24. Rf8+ Kd7 25. Rd2
Rxd2 26. Kxd2 Rg1 27. Rf7+ Ke8 28. Rxh7 Rg2+ 29. Kd3 Kd8 30. h4 Rh2 31. h5 Kc8
32. h6 c6 33. Rh8+ Kd7 34. h7 cxd5 35. Bb3 Ba6+ 36. Kc3 Ke7 37. Rg8 Rxh7 38.
Bxd5 Rh5 39. Bf3 Rc5+ 40. Kd2 Rf5 41. Rg7+ Kf6 42. Rg3 Ra5 43. a3 Rb5 44. Bc6
Rxb2 45. Rf3+ Ke5 46. Kc1 Ra2 47. e4 Be2 48. Re3 Bc4 49. Rc3 Be6 50. Bd5 Bxd5
51. exd5 Kd4 52. Rd3+ Kc5 53. Kb1 Rxc2 54. Kxc2 Kc4 55. Rc3+ Kxd5 56. Rd3+ Kc6
57. Kb3 d5 58. Rc3+ Kd6 59. Rd3 Kc5 60. a4 d4 61. Rd2 Kd5 62. Kb4 Ke4 63. Kb5
Ke3 64. Rd1 d3 65. Kc4 d2 66. Kc3 a6 67. Rxd2 b5 68. a5 Ke4 69. Rb2 Kd5 70. Kb4
Kc6 71. Rc2+ Kd5 72. Rc5+ Kd6 73. Rh5 Kc7 74. Rh6 Kb7 75. Kc5 Ka7 76. Rb6 b4
77. Kxb4 Ka8 78. Rxa6+ Kb7 79. Rh6 Ka7 80. a6 Ka8 81. Kb5 Ka7 82. Rh7+ Ka8 83.
Kb6 Kb8 84. Rh8# 1-0

[Event "Junior Online 4NCL Division 5"]
[Site "online"]
[Date "2020.05.14"]
[Round "5.51"]
[White "Xu, Albert"]
[Black "Heard, Tom"]
[Result "1-0"]
[WhiteElo "1450"]
[BlackElo "1517"]
[PlyCount "109"]
[EventDate "2020.05.14"]
[WhiteTeam "Cambridge Chess & Go B"]
[BlackTeam "KJCA Young Kestrels E"]

1. e4 e5 2. Nf3 Nc6 3. Nc3 Nf6 4. Bc4 Nxe4 5. Nxe4 d5 6. Bxd5 Qxd5 7. Nc3 Qd8
8. d3 h6 9. Be3 Bd6 10. O-O O-O 11. h3 f5 12. Re1 f4 13. Bd2 Bf5 14. Ne4 Qd7
15. Bc3 Rae8 16. Qd2 b5 17. a3 Qe7 18. Re2 b4 19. axb4 Bxb4 20. Rae1 Bxc3 21.
Qxc3 Bxe4 22. Rxe4 Qd6 23. Nxe5 Nxe5 24. Rxe5 Rxe5 25. Qxe5 Qc6 26. Qe6+ Qxe6
27. Rxe6 Rb8 28. b3 Ra8 29. Re7 c5 30. Kf1 a5 31. Rc7 a4 32. bxa4 Rxa4 33. Rxc5
Ra1+ 34. Ke2 Ra2 35. Kf3 g5 36. h4 Kf7 37. hxg5 hxg5 38. c4 Kf6 39. d4 Rd2 40.
d5 Kf5 41. d6+ Ke6 42. Rxg5 Kxd6 43. Rd5+ Rxd5 44. cxd5 Kxd5 45. Kxf4 Ke6 46.
Kg5 Kf7 47. Kh6 Kg8 48. g4 Kh8 49. f4 Kg8 50. g5 Kh8 51. f5 Kg8 52. g6 Kh8 53.
g7+ Kg8 54. f6 Kf7 55. Kh7 1-0

[Event "Junior Online 4NCL Division 5"]
[Site "online"]
[Date "2020.05.14"]
[Round "5.52"]
[White "Zhao, Wenyi"]
[Black "Xu, Jiarui"]
[Result "1-0"]
[WhiteElo "1547"]
[BlackElo "1420"]
[PlyCount "59"]
[EventDate "2020.05.14"]
[WhiteTeam "KJCA Young Kestrels E"]
[BlackTeam "Cambridge Chess & Go B"]

1. d4 Nf6 2. c4 e6 3. a3 Nc6 4. Nc3 d5 5. Nf3 a6 6. Bg5 dxc4 7. e3 b5 8. a4 Bb7
9. Be2 bxa4 10. Bxc4 h6 11. Bh4 Bd6 12. e4 e5 13. d5 Nb4 14. Qxa4+ Qd7 15. Qd1
Be7 16. Nxe5 Qd6 17. Qa4+ Kf8 18. Nd3 Nxd3+ 19. Bxd3 a5 20. O-O Bc8 21. Nb5 Qd8
22. Rac1 Bd7 23. Qd4 Bxb5 24. Bxb5 c5 25. Qc4 Qb6 26. e5 Nxd5 27. Bxe7+ Kxe7
28. Rfd1 Nb4 29. Rd7+ Kf8 30. Qxf7# 1-0

[Event "Junior Online 4NCL Division 5"]
[Site "online"]
[Date "2020.05.14"]
[Round "5.53"]
[White "Ke, Kevin"]
[Black "Davies, Iris"]
[Result "1-0"]
[WhiteElo "1345"]
[BlackElo "1457"]
[PlyCount "63"]
[EventDate "2020.05.14"]
[WhiteTeam "Cambridge Chess & Go B"]
[BlackTeam "KJCA Young Kestrels E"]

1. d4 d5 2. c4 dxc4 3. e4 c5 4. Nf3 Nf6 5. Nc3 Nc6 6. Be3 Bg4 7. dxc5 Qxd1+ 8.
Rxd1 Bxf3 9. gxf3 e5 10. Bxc4 Be7 11. Nd5 O-O 12. Nxe7+ Nxe7 13. f4 exf4 14.
Bxf4 Nxe4 15. Rd7 Rfe8 16. Rxb7 Nxc5 17. Rb5 Ng6+ 18. Kd2 Ne4+ 19. Kd3 Nxf2+
20. Kd2 Nxh1 21. Bg5 Ne5 22. Bd5 Nf2 23. Bxa8 Rxa8 24. Rxe5 Ng4 25. Re2 f6 26.
Bf4 Rd8+ 27. Kc3 Rc8+ 28. Kb3 Kf7 29. h3 Nh6 30. Rd2 Rb8+ 31. Bxb8 Ke6 32. Bxa7
1-0

[Event "Junior Online 4NCL Division 5"]
[Site "online"]
[Date "2020.05.14"]
[Round "5.54"]
[White "Gaekwad, Ankit"]
[Black "Syposz, Adam"]
[Result "1-0"]
[WhiteElo "1450"]
[BlackElo "1337"]
[PlyCount "41"]
[EventDate "2020.05.14"]
[WhiteTeam "KJCA Young Kestrels E"]
[BlackTeam "Cambridge Chess & Go B"]

1. d4 d5 2. Bf4 Nc6 3. e3 Bf5 4. Nf3 Bg4 5. Nbd2 e6 6. c3 Nf6 7. h3 Bh5 8. Be2
Bd6 9. O-O Bxf4 10. exf4 Ne4 11. Re1 Nxd2 12. Qxd2 Bg6 13. Ne5 Nxe5 14. fxe5
O-O 15. Bd3 Bxd3 16. Qxd3 h6 17. Re3 c6 18. Rg3 Qc7 19. Qd2 c5 20. Qxh6 Qe7 21.
Qxg7# 1-0

[Event "Junior Online 4NCL Division 5"]
[Site "online"]
[Date "2020.05.14"]
[Round "5.55"]
[White "Heard, Tom"]
[Black "Xu, Albert"]
[Result "1/2-1/2"]
[WhiteElo "1517"]
[BlackElo "1450"]
[PlyCount "152"]
[EventDate "2020.05.14"]
[WhiteTeam "KJCA Young Kestrels E"]
[BlackTeam "Cambridge Chess & Go B"]

1. e4 e5 2. Nf3 Nc6 3. Bc4 Bc5 4. c3 Nf6 5. d3 O-O 6. Nbd2 d6 7. a4 Bg4 8. b4
b5 9. Bd5 Nxd5 10. exd5 Nxb4 11. cxb4 Bxb4 12. axb5 Qf6 13. O-O Rab8 14. Rxa7
Rxb5 15. Rxc7 Rxd5 16. h3 Bf5 17. Qb3 Rb5 18. Rc4 Rfb8 19. Qc2 d5 20. Rc6 Qe7
21. Rc7 Qd6 22. Qc6 Qd8 23. Nxe5 Rc5 24. Qxc5 Bxc5 25. Rxc5 Qd6 26. d4 f6 27.
Nec4 Qe6 28. Ne3 Be4 29. Nf3 Bxf3 30. gxf3 Qxh3 31. Rxd5 Rf8 32. Rf5 g6 33. Rf4
g5 34. Rf5 Rf7 35. Ng4 Kg7 36. Bb2 h5 37. Ne3 g4 38. fxg4 hxg4 39. Rf4 Kg6 40.
Rxg4+ Kh7 41. Rg3 Rg7 42. Rxg7+ Kxg7 43. Ng2 Qg4 44. f3 Qg3 45. Rf2 Kf7 46. d5
Ke7 47. Ba3+ Kd7 48. d6 Qg5 49. Re2 Qa5 50. Bb2 Kxd6 51. Bxf6 Qf5 52. Be5+ Kc6
53. f4 Qd3 54. Kf2 Qd5 55. f5 Qc5+ 56. Kf1 Qc1+ 57. Kf2 Qg5 58. f6 Qf5+ 59. Kg1
Qb1+ 60. Kh2 Qh7+ 61. Kg3 Qd3+ 62. Re3 Qg6+ 63. Kf4 Qxg2 64. Rf3 Qg8 65. Ke4
Qc4+ 66. Ke3 Qb3+ 67. Kf4 Qc4+ 68. Kg3 Qf7 69. Rf5 Kd7 70. Kf4 Ke6 71. Rg5 Qb7
72. Kg4 Qe4+ 73. Kh5 Qh7+ 74. Kg4 Qe4+ 75. Kh3 Qh7+ 76. Kg4 Qe4+ 1/2-1/2

[Event "Junior Online 4NCL Division 5"]
[Site "online"]
[Date "2020.05.14"]
[Round "5.56"]
[White "Xu, Jiarui"]
[Black "Zhao, Wenyi"]
[Result "0-1"]
[WhiteElo "1420"]
[BlackElo "1547"]
[PlyCount "172"]
[EventDate "2020.05.14"]
[WhiteTeam "Cambridge Chess & Go B"]
[BlackTeam "KJCA Young Kestrels E"]

1. e4 e6 2. d4 d5 3. e5 c5 4. c3 Nc6 5. Nf3 Bd7 6. Be2 Qb6 7. O-O cxd4 8. cxd4
Nge7 9. Nc3 Nf5 10. b3 h6 11. Be3 Bb4 12. Qd2 O-O 13. a3 Be7 14. b4 f6 15. exf6
Bxf6 16. Rfd1 Rac8 17. h3 Nce7 18. b5 Ng6 19. a4 Qd6 20. a5 Ngh4 21. Nxh4 Nxh4
22. a6 b6 23. g3 Nf5 24. Kg2 e5 25. dxe5 Bxe5 26. Qxd5+ Qxd5+ 27. Rxd5 Bxc3 28.
Rxd7 Bxa1 29. Rxa7 Ra8 30. Bxb6 Bd4 31. Bxd4 Nxd4 32. Bc4+ Kh7 33. Bd3+ Kh8 34.
Re7 Rfb8 35. Be4 Re8 36. Rxe8+ Rxe8 37. a7 Nxb5 38. Bc6 Rc8 39. a8=Q Rxa8 40.
Bxa8 Nc7 41. Be4 Ne6 42. f4 Nc5 43. Bc2 Nd7 44. Kf3 Nf6 45. g4 Kg8 46. f5 Kf7
47. Kf4 Nd7 48. Bb3+ Kf6 49. h4 h5 50. g5+ Ke7 51. Be6 Nc5 52. Ke5 Nd3+ 53. Kd4
Nf4 54. Ke5 Ng2 55. f6+ Kf8 56. g6 Nxh4 57. Bf5 Kg8 58. f7+ Kf8 59. Kf4 Ke7 60.
Kg5 Nf3+ 61. Kxh5 Ne5 62. Kg5 Nxf7+ 63. Kf4 Nh6 64. Bh3 Kf6 65. Ke4 Kxg6 66.
Ke5 Nf7+ 67. Ke4 Ng5+ 68. Ke3 Nxh3 69. Kf3 Kg5 70. Kg3 Nf4 71. Kf3 g6 72. Kg3
Kf5 73. Kf3 g5 74. Kg3 g4 75. Kf2 Nh3+ 76. Kg3 Kg5 77. Kh2 Kf4 78. Kg2 Ng5 79.
Kf2 Ne4+ 80. Kg2 g3 81. Kg1 Kf3 82. Kh1 Nf2+ 83. Kg1 Nh3+ 84. Kh1 g2+ 85. Kh2
g1=Q+ 86. Kxh3 Qg3# 0-1

[Event "Junior Online 4NCL Division 5"]
[Site "online"]
[Date "2020.05.14"]
[Round "5.57"]
[White "Davies, Iris"]
[Black "Ke, Kevin"]
[Result "1-0"]
[WhiteElo "1457"]
[BlackElo "1345"]
[PlyCount "37"]
[EventDate "2020.05.14"]
[WhiteTeam "KJCA Young Kestrels E"]
[BlackTeam "Cambridge Chess & Go B"]

1. e4 e5 2. Nf3 Nc6 3. Bc4 Nd4 4. Nxe5 Qg5 5. Ng4 d5 6. d3 dxc4 7. Bxg5 Nxc2+
8. Qxc2 Bxg4 9. Qxc4 Nf6 10. e5 Bh5 11. exf6 gxf6 12. Bxf6 Rg8 13. Qe4+ Kd7 14.
O-O Bd6 15. Nc3 Rae8 16. Qf5+ Kc6 17. Qxh5 h6 18. Qd5+ Kb6 19. Qb5# 1-0

[Event "Junior Online 4NCL Division 5"]
[Site "online"]
[Date "2020.05.14"]
[Round "5.58"]
[White "Syposz, Adam"]
[Black "Gaekwad, Ankit"]
[Result "0-1"]
[WhiteElo "1337"]
[BlackElo "1450"]
[PlyCount "114"]
[EventDate "2020.05.14"]
[WhiteTeam "Cambridge Chess & Go B"]
[BlackTeam "KJCA Young Kestrels E"]

1. e4 e6 2. Nf3 d5 3. e5 c5 4. d4 Nc6 5. dxc5 Bxc5 6. Bb5 Qb6 7. Qe2 Nge7 8.
O-O a6 9. Ba4 Bd7 10. Nc3 h6 11. h3 Qc7 12. Bd2 b5 13. Bb3 Ng6 14. a4 O-O 15.
axb5 axb5 16. Rxa8 Rxa8 17. Nxb5 Qb8 18. Be3 Bxe3 19. fxe3 Ncxe5 20. Nxe5 Nxe5
21. Nc3 Ng6 22. Qf2 Qf8 23. Qd2 Ne7 24. Qd4 Rd8 25. Ba4 Bxa4 26. Nxa4 Nf5 27.
Qf4 Ra8 28. Nb6 Ra7 29. e4 dxe4 30. g4 Qc5+ 31. Rf2 Qxb6 32. gxf5 exf5 33. Qxf5
Rc7 34. Qxe4 Qd6 35. Qe8+ Kh7 36. Qe4+ g6 37. Qd3 Qe5 38. Qb3 Qg5+ 39. Kf1 Qe7
40. h4 h5 41. c3 Rb7 42. Qd5 Rd7 43. Qc4 Kg7 44. b4 Rd1+ 45. Kg2 Qb7+ 46. Kg3
Rg1+ 47. Kf4 Rg4+ 48. Ke3 Rxc4 49. Kd3 Rg4 50. Ra2 Qd5+ 51. Kc2 Qxa2+ 52. Kd3
Qc4+ 53. Kc2 Rg3 54. Kd2 Qxc3+ 55. Ke2 Rg2+ 56. Kf1 Qb2 57. b5 Qf2# 0-1

[Event "Junior Online 4NCL Division 5"]
[Site "online"]
[Date "2020.05.14"]
[Round "5.61"]
[White "Dholakia, Kanish"]
[Black "Lyons, Joseph"]
[Result "0-1"]
[WhiteElo "771"]
[BlackElo "1277"]
[PlyCount "96"]
[EventDate "2020.05.14"]
[WhiteTeam "Phones Junior B"]
[BlackTeam "May the Fork Be With You 2"]

1. e4 e5 2. Nf3 Nc6 3. Nc3 Nf6 4. Bc4 Nxe4 5. Nxe4 d5 6. Bb3 dxe4 7. Ng1 Bc5 8.
f3 Qf6 9. Qe2 Bf5 10. fxe4 Qh4+ 11. g3 Qxe4 12. Qxe4 Bxe4 13. Ne2 Bxh1 14. d3
O-O 15. c3 Bf3 16. d4 exd4 17. cxd4 Bb4+ 18. Bd2 Bxd2+ 19. Kxd2 Bxe2 20. Kxe2
Nxd4+ 21. Kd2 Nxb3+ 22. axb3 Rad8+ 23. Kc2 Rfe8 24. Rf1 Re2+ 25. Kb1 Rxh2 26.
g4 h6 27. Rc1 Rdd2 28. Rxc7 Rxb2+ 29. Kc1 Rbf2 30. Rc8+ Kh7 31. Rd8 Rf1+ 32.
Rd1 Rxd1+ 33. Kxd1 h5 34. gxh5 Rxh5 35. Ke2 Rh3 36. Kd2 Rxb3 37. Kc2 Rh3 38.
Kd2 a5 39. Kc2 a4 40. Kb2 a3+ 41. Ka2 b5 42. Ka1 b4 43. Ka2 g5 44. Kb1 Rh2 45.
Ka1 b3 46. Kb1 g4 47. Kc1 a2 48. Kd1 a1=Q# 0-1

[Event "Junior Online 4NCL Division 5"]
[Site "online"]
[Date "2020.05.14"]
[Round "5.62"]
[White "Gill, Veer"]
[Black "Benson, Alice"]
[Result "0-1"]
[WhiteElo "1285"]
[BlackElo "740"]
[PlyCount "140"]
[EventDate "2020.05.14"]
[WhiteTeam "May the Fork Be With You 2"]
[BlackTeam "Phones Junior B"]

1. e4 c6 2. d4 d5 3. Nc3 dxe4 4. Nxe4 Bf5 5. Nc3 Nf6 6. Bc4 e6 7. Nf3 Be7 8.
O-O O-O 9. Bf4 Nd5 10. Nxd5 cxd5 11. Bd3 Bxd3 12. Qxd3 Bd6 13. Bg5 Be7 14. Bxe7
Qxe7 15. Qe3 Nc6 16. c3 b5 17. Qg5 Qd6 18. Ne5 f6 19. Qe3 fxe5 20. dxe5 Qxe5
21. Qxe5 Nxe5 22. Rfe1 Ng4 23. f3 Nf6 24. Rxe6 Rfe8 25. Rae1 Kf7 26. R6e5 Rxe5
27. Rxe5 Re8 28. Rf5 Re1+ 29. Kf2 Ra1 30. a3 Ra2 31. g4 Ke6 32. Kg3 Rxb2 33. h4
Rb3 34. Kf4 Rxc3 35. Re5+ Kd6 36. g5 Rc4+ 37. Kf5 Nh5 38. Re6+ Kd7 39. g6 hxg6+
40. Rxg6 Rf4+ 41. Kg5 d4 42. Kxh5 d3 43. Rxg7+ Kc6 44. Rg1 Rxf3 45. Rd1 Kd5 46.
Kg4 Re3 47. Kf4 Re4+ 48. Kf3 Rxh4 49. Rxd3+ Rd4 50. Rb3 Kc4 51. Rb4+ Kc5 52.
Ke3 Rxb4 53. axb4+ Kxb4 54. Kd2 a5 55. Kc2 a4 56. Kb2 Kc4 57. Ka3 b4+ 58. Kb2
Kd3 59. Ka2 Kc3 60. Kb1 b3 61. Kc1 a3 62. Kb1 a2+ 63. Ka1 b2+ 64. Kxa2 Kc2 65.
Ka3 b1=Q 66. Ka4 Kc3 67. Ka5 Kc4 68. Ka6 Kc5 69. Ka7 Kc6 70. Ka8 Qb7# 0-1

[Event "Junior Online 4NCL Division 5"]
[Site "online"]
[Date "2020.05.14"]
[Round "5.63"]
[White "Kumar, Kabir"]
[Black "Joshi, Aarav"]
[Result "0-1"]
[WhiteElo "729"]
[BlackElo "1150"]
[PlyCount "38"]
[EventDate "2020.05.14"]
[WhiteTeam "Phones Junior B"]
[BlackTeam "May the Fork Be With You 2"]

1. d4 Nf6 2. c4 e6 3. Nc3 Bb4 4. Bd2 O-O 5. Nf3 b6 6. Qc2 c5 7. Ng5 cxd4 8. Nb5
Bxd2+ 9. Qxd2 Bb7 10. Nxd4 d6 11. Ndf3 Nc6 12. h4 h6 13. Ne4 Nxe4 14. Qf4 Nf6
15. Ng5 e5 16. Qg3 Rc8 17. e3 Nb4 18. O-O-O Nxa2+ 19. Kb1 Nb4 0-1

[Event "Junior Online 4NCL Division 5"]
[Site "online"]
[Date "2020.05.14"]
[Round "5.64"]
[White "Patel, Isabella"]
[Black "Srivastava, Aditya"]
[Result "0-1"]
[WhiteElo "1195"]
[BlackElo "654"]
[PlyCount "44"]
[EventDate "2020.05.14"]
[WhiteTeam "May the Fork Be With You 2"]
[BlackTeam "Phones Junior B"]

1. d4 d5 2. Bf4 e6 3. e3 Bd6 4. Nf3 Nc6 5. Bd3 f6 6. c3 e5 7. dxe5 fxe5 8. Nxe5
Nxe5 9. Bb5+ Bd7 10. Be2 Nf6 11. Bg5 O-O 12. Kf1 h6 13. Bf4 Ng6 14. c4 Bxf4 15.
exf4 Nxf4 16. Bf3 c6 17. Nc3 Ne6 18. cxd5 cxd5 19. Nxd5 Bb5+ 20. Kg1 Nxd5 21.
Bxd5 Qf6 22. Qe2 Bxe2 0-1

[Event "Junior Online 4NCL Division 5"]
[Site "online"]
[Date "2020.05.14"]
[Round "5.65"]
[White "Lyons, Joseph"]
[Black "Dholakia, Kanish"]
[Result "1-0"]
[WhiteElo "1277"]
[BlackElo "771"]
[PlyCount "73"]
[EventDate "2020.05.14"]
[WhiteTeam "May the Fork Be With You 2"]
[BlackTeam "Phones Junior B"]

1. e4 e5 2. Nf3 Nc6 3. Bb5 Bc5 4. O-O d6 5. d3 h6 6. Qe2 Bd7 7. Bxc6 Bxc6 8.
Be3 Bxe3 9. Qxe3 Bd7 10. Nc3 Nf6 11. h3 O-O 12. d4 exd4 13. Nxd4 Re8 14. Qd3
Qe7 15. Rfe1 c5 16. Nf3 Rac8 17. b3 a6 18. a4 Nh5 19. Qc4 Be6 20. Qe2 Nf4 21.
Qe3 Ng6 22. Kh1 Qf6 23. Rad1 Rcd8 24. Rd2 Nf4 25. g3 Nxh3 26. Kg2 Rd7 27. Nd5
Bxd5 28. Rxd5 Ng5 29. Nxg5 hxg5 30. Rf5 Qe7 31. Qd3 g6 32. Rf3 g4 33. Rf4 d5
34. Rxg4 Kg7 35. Qc3+ Kh7 36. Rh1+ Kg8 37. Qh8# 1-0

[Event "Junior Online 4NCL Division 5"]
[Site "online"]
[Date "2020.05.14"]
[Round "5.66"]
[White "Benson, Alice"]
[Black "Gill, Veer"]
[Result "1-0"]
[WhiteElo "740"]
[BlackElo "1285"]
[PlyCount "93"]
[EventDate "2020.05.14"]
[WhiteTeam "Phones Junior B"]
[BlackTeam "May the Fork Be With You 2"]

1. d4 d5 2. c4 c6 3. Nc3 Nf6 4. Nf3 dxc4 5. e3 b5 6. a4 b4 7. Na2 b3 8. Nc3 Ba6
9. Ne5 e6 10. Bxc4 Bxc4 11. Nxc4 Nd5 12. Qxb3 Bb4 13. O-O Na6 14. Nxd5 cxd5 15.
Ne5 f6 16. Nc6 Qb6 17. Nxb4 Qxb4 18. Qxb4 Nxb4 19. Bd2 Nc2 20. Rac1 Rc8 21. Bc3
Rc4 22. Rxc2 Rxa4 23. b3 Ra3 24. Bb4 Rxb3 25. Rc8+ Kf7 26. Rxh8 Rxb4 27. Rc8
Rc4 28. Rxc4 dxc4 29. Rc1 Kg6 30. Rxc4 Kf5 31. Ra4 e5 32. dxe5 fxe5 33. Rxa7
Kg6 34. Ra6+ Kf5 35. Kf1 g5 36. Ke2 h5 37. Kf3 e4+ 38. Kg3 h4+ 39. Kh3 g4+ 40.
Kxh4 g3 41. fxg3 Ke5 42. g4 Kd5 43. g5 Ke5 44. g6 Kf5 45. g7 Ke5 46. g8=Q Kf5
47. Qg5# 1-0

[Event "Junior Online 4NCL Division 5"]
[Site "online"]
[Date "2020.05.14"]
[Round "5.67"]
[White "Joshi, Aarav"]
[Black "Kumar, Kabir"]
[Result "1-0"]
[WhiteElo "1150"]
[BlackElo "729"]
[PlyCount "75"]
[EventDate "2020.05.14"]
[WhiteTeam "May the Fork Be With You 2"]
[BlackTeam "Phones Junior B"]

1. e4 e5 2. Nf3 Nc6 3. Bc4 Nf6 4. d4 d6 5. d5 Nb4 6. a3 Na6 7. Bxa6 bxa6 8. Bg5
Be7 9. Nbd2 Bg4 10. h3 Bh5 11. c4 h6 12. Be3 Rb8 13. Rb1 Qc8 14. Bxa7 Rb7 15.
Be3 Qb8 16. b4 a5 17. bxa5 Rxb1 18. Nxb1 Bxf3 19. gxf3 c5 20. dxc6 Qc7 21. Qa4
Qb8 22. c7+ Nd7 23. cxb8=Q+ Bd8 24. Qc8 O-O 25. Qcxd7 Kh8 26. Rg1 Bf6 27. Qxd6
Rg8 28. c5 Bh4 29. c6 Rc8 30. Qd7 Rd8 31. Qxf7 g5 32. Qf6+ Kh7 33. Qxd8 g4 34.
c7 Be7 35. Qxe7+ Kg6 36. Qc6+ Kh5 37. Qf7+ Kh4 38. Qxh6# 1-0

[Event "Junior Online 4NCL Division 5"]
[Site "online"]
[Date "2020.05.14"]
[Round "5.68"]
[White "Srivastava, Aditya"]
[Black "Patel, Isabella"]
[Result "1-0"]
[WhiteElo "654"]
[BlackElo "1195"]
[PlyCount "51"]
[EventDate "2020.05.14"]
[WhiteTeam "Phones Junior B"]
[BlackTeam "May the Fork Be With You 2"]

1. e4 e5 2. Nf3 Nc6 3. Bc4 Nf6 4. d4 Bd6 5. dxe5 Nxe5 6. Nxe5 Bxe5 7. Nc3 O-O
8. Bd2 h6 9. O-O d6 10. f4 Bd4+ 11. Kh1 h5 12. e5 Ng4 13. Be1 Bf2 14. Bxf2
Nxf2+ 15. Rxf2 Qh4 16. g3 Qh3 17. Bf1 Qf5 18. exd6 Rd8 19. Bg2 Qe6 20. Nb5 a6
21. Nxc7 Qf6 22. Nxa8 Rxd6 23. Rd2 Bg4 24. Rxd6 Qxb2 25. Qb1 Qd4 26. Rxd4 1-0

[Event "Junior Online 4NCL Division 5"]
[Site "online"]
[Date "2020.05.14"]
[Round "5.71"]
[White "Goldsmith, Henry"]
[Black "Evans, Ruben"]
[Result "0-1"]
[WhiteElo "778"]
[BlackElo "1727"]
[PlyCount "73"]
[EventDate "2020.05.14"]
[WhiteTeam "Rhydypenau Raiders"]
[BlackTeam "Blackburn's Rovers"]

1. e4 e6 2. d4 d5 3. exd5 exd5 4. Nc3 Nf6 5. Nf3 Bg4 6. Bg5 c6 7. Be2 h6 8. Be3
Bd6 9. O-O O-O 10. Bd3 Re8 11. Re1 Ne4 12. Bd2 Bxf3 13. Qxf3 Nxd2 14. Qf5 g6
15. Rxe8+ Qxe8 16. Qg4 Ne4 17. Bxe4 dxe4 18. Nxe4 Be7 19. Re1 Qd7 20. Nf6+ Bxf6
21. Qxd7 Nxd7 22. g3 Kf8 23. c3 Re8 24. Rxe8+ Kxe8 25. f4 Ke7 26. Kf2 Kd6 27.
Ke3 Kd5 28. h4 h5 29. b4 Nb6 30. Kd3 Nc4 31. a4 b5 32. axb5 cxb5 33. Kc2 Nd6
34. Kb3 Ne4 35. Kc2 Nxg3 36. Kd3 Bxh4 37. Ke3 0-1

[Event "Junior Online 4NCL Division 5"]
[Site "online"]
[Date "2020.05.14"]
[Round "5.72"]
[White "Cooper, Dylan E"]
[Black "Morgan, Emyr"]
[Result "1-0"]
[WhiteElo "1277"]
[BlackElo "757"]
[PlyCount "69"]
[EventDate "2020.05.14"]
[WhiteTeam "Blackburn's Rovers"]
[BlackTeam "Rhydypenau Raiders"]

1. d4 d5 2. c4 dxc4 3. e3 Bf5 4. Bxc4 Nc6 5. Qb3 e6 6. Qxb7 Be4 7. f3 Rb8 8.
Qa6 Nb4 9. Qa4+ Qd7 10. Qxd7+ Kxd7 11. Na3 Bc2 12. Bd2 Kd8 13. Rc1 Bd3 14. Bxb4
Bxb4+ 15. Kf2 Bd2 16. Rd1 Rxb2 17. Ne2 Bxc4 18. Nxc4 Rc2 19. Nxd2 Nf6 20. Rb1
Ke7 21. Ne4 Nxe4+ 22. fxe4 Rc8 23. Rhc1 Rxa2 24. Rb7 Kd8 25. Kf3 c5 26. Rxf7
cxd4 27. Rf8+ Kd7 28. Rcxc8 Ra3 29. Nxd4 e5 30. Rfd8+ Ke7 31. Nf5+ Kf6 32. Rc6+
Kg5 33. Rd7 g6 34. h4+ Kh5 35. g4# 1-0